Welcome to CU Library Online Public Access Catalogue (OPAC)

Mandell, Douglas, and Bennett's Principles and Practice of Infectious Diseases/ Volume 2 (Record no. 3464)

MARC details
000 -LEADER
fixed length control field 00662nam a22001937a 4500
005 - DATE AND TIME OF LATEST TRANSACTION
control field 20250205172213.0
008 - FIXED-LENGTH DATA ELEMENTS--GENERAL INFORMATION
fixed length control field 250205b |||||||| |||| 00| 0 eng d
020 ## - INTERNATIONAL STANDARD BOOK NUMBER
International Standard Book Number 9789997638236
050 ## - LIBRARY OF CONGRESS CALL NUMBER
Classification number RC111
Item number .M224
100 ## - MAIN ENTRY--PERSONAL NAME
Personal name Mandell, Gerald L.
245 ## - TITLE STATEMENT
Title Mandell, Douglas, and Bennett's Principles and Practice of Infectious Diseases/ Volume 2
Statement of responsibility, etc. Gerald L. Mandell, John E. Bennett, Raphael Dolin
250 ## - EDITION STATEMENT
Edition statement 6th ed.
260 ## - PUBLICATION, DISTRIBUTION, ETC.
Place of publication, distribution, etc. Philadelphia
Name of publisher, distributor, etc. Elsevier Churchill Livingstone
Date of publication, distribution, etc. 2005
300 ## - PHYSICAL DESCRIPTION
Extent xxxviii. 1729-3661p.
Other physical details ill. color
Dimensions 28cm
500 ## - GENERAL NOTE
General note includes index
700 ## - ADDED ENTRY--PERSONAL NAME
Personal name Bennett, John E.
700 ## - ADDED ENTRY--PERSONAL NAME
Personal name Dolin, Raphael
942 ## - ADDED ENTRY ELEMENTS (KOHA)
Source of classification or shelving scheme Library of Congress Classification
Koha item type Books
Edition 6th ed.
Suppress in OPAC No
999 ## -
-- 3464
-- 3464
Holdings
Withdrawn status Lost status Source of classification or shelving scheme Damaged status Not for loan Collection Home library Current library Shelving location Date acquired Total checkouts Full call number Barcode Date last seen Copy number Price effective from Koha item type
    Library of Congress Classification     Non-fiction Science Library (Miotso) Science Library (Miotso) General stacks 02/05/2025   RC111 .M224 MAN SLM00002870 02/05/2025 1 02/05/2025 Books
    Library of Congress Classification     Non-fiction Science Library (Miotso) Science Library (Miotso) General stacks 02/05/2025   RC111 .M224 MAN SLM00002871 02/05/2025 2 02/05/2025 Books
    Library of Congress Classification     Non-fiction Science Library (Miotso) Science Library (Miotso) General stacks 02/05/2025   RC111 .M224 MAN SLM00002872 02/05/2025 3 02/05/2025 Books
© 2023-2024 Copyright: Central University Libraries. All Rights Reserved | Created by: Mahone Tech Office